00640 2200205 4500001002100000005001700021008004100038035002400079090001800103110003700121245011400158260004300272300001800315650003600333850002100369980001400390985000600404986000900410999001500419YOGYA-0209000004320420090227025935.0 ind  0010-020900000043204 a622bInd MlT aINDONESIA. Departemen Penerangan aMasalah pertambangan dan penanaman modal penjelasan pemerintah kepada komisi VI DPR RIcDepartemen Penerangan aJakartabDepartemen Peneranganc[19-?] a15 hlmc21 cm aTambang dan sumber pertambangan aYOPDYOG [TRM 29] a30-8-2007 a1 aRuni a07A0025794